| 000 | 01428cam a2200337 a 4500 | ||
|---|---|---|---|
| 001 | 15639484 | ||
| 005 | 20160824120725.0 | ||
| 008 | 090226s2009 paua 001 0 eng | ||
| 010 | _a 2009008516 | ||
| 015 |
_aGBA969700 _2bnb |
||
| 016 | 7 |
_a015327004 _2Uk |
|
| 020 | _a0898716837 | ||
| 020 | _a9780898716832 | ||
| 035 | _a(OCoLC)ocn312096866 | ||
| 040 |
_aDLC _cDLC _dYDXCP _dC#P _dUKM _dBWX _dCDX _dDLC |
||
| 050 | 0 | 0 |
_aQA76.95 _b.D75 2009 |
| 082 | 0 | 0 |
_a620.00151 _222 _bDRI |
| 100 | 1 |
_aDriscoll, Tobin A. _q(Tobin Allen), _d1969- _923452 |
|
| 245 | 1 | 0 |
_aLearning MATLAB / _cTobin A. Driscoll. |
| 260 |
_aPhiladelphia, PA : _bSociety for Industrial and Applied Mathematics, 2009 _cc2009. |
||
| 300 |
_axiv, 97 p. : _bill. ; _c23 cm. |
||
| 500 | _aIncludes index. | ||
| 630 | 0 | 0 |
_aMATLAB. _923453 |
| 653 |
_bGen _cApril2011 |
||
| 650 | 0 |
_923454 _aMathematics _xData processing |
|
| 856 | 4 | 1 |
_3Table of contents only _uhttp://www.loc.gov/catdir/enhancements/fy0912/2009008516-t.html |
| 856 | 4 | 2 |
_3Contributor biographical information _uhttp://www.loc.gov/catdir/enhancements/fy0912/2009008516-b.html |
| 856 | 4 | 2 |
_3Publisher description _uhttp://www.loc.gov/catdir/enhancements/fy0912/2009008516-d.html |
| 942 |
_2ddc _cBB |
||
| 999 |
_c15209 _d15209 |
||